Sports Quiz

Random Sports or Auto Racing Quiz
Score 0/67 Timer 10:00
0 Plays Today
Track/Year Driver % Correct
Hoosier Hundred 1965 Mario Andretti
93.5%
Phoenix 1965 Mario Andretti
93.5%
Springfield 1967 Mario Andretti
93.5%
DuQuoin 1967Mario Andretti
93.5%
Sacramento 1967Mario Andretti
93.5%
Hoosier Hundred 1968 Mario Andretti
93.5%
Indianapolis 500 1967 Al Unser
87.1%
Hanford 1968 Bobby Unser
87.1%
Ontario 1974 Bobby Unser
87.1%
Trenton 1974Bobby Unser
87.1%
Ontario 1975 Bobby Unser
87.1%
Milwaukee 1975 Bobby Unser
87.1%
Ontario 1977 Al Unser
87.1%
Trenton 1967 Gordon Johncock
83.9%
Trenton 1973 Gordon Johncock
83.9%
Michigan 1976 Gordon Johncock
83.9%
Silverstone 1978 Rick Mears
83.9%
Trenton 1975 Johnny Rutherford
77.4%
Texas World 1978 Johnny Rutherford
77.4%
Michigan 1975Tom Sneva
74.2%
Phoenix 1975 Tom Sneva
74.2%
Indianapolis 500 1977 Tom Sneva
74.2%
Sacramento 1960Parnelli Jones
67.7%
Langhorne 1961Parnelli Jones
67.7%
Trenton 1962 Parnelli Jones
67.7%
Milwaukee 1962 Parnelli Jones
67.7%
Langhorne 1962Parnelli Jones
67.7%
Trenton 1963 Parnelli Jones
67.7%
DuQuoin 1963Rodger Ward
67.7%
Indianapolis 500 1964Rodger Ward
67.7%
Hoosier Hundred 1964 Rodger Ward
67.7%
DuQuoin 1960Tony Bettenhausen
64.5%
Hoosier Hundred 1960Tony Bettenhausen
64.5%
Sacramento 1968 Gary Bettenhausen
61.3%
Track/Year Driver % Correct
Hoosier Hundred 1969 Gary Bettenhausen
61.3%
Mosport 1977 Gary Bettenhausen
61.3%
Texas World 1979 Gary Bettenhausen
61.3%
Indianapolis 500 1961Eddie Sachs
58.1%
Trenton 1965 Joe Leonard
48.4%
Milwaukee 1979 Bill Vukovich, Jr.
48.4%
Phoenix 1964 Roger McCluskey
45.2%
Phoenix 1971 Roger McCluskey
45.2%
Pocono 1973 Roger McCluskey
45.2%
Pocono 1975 Wally Dallenbach
41.9%
Texas World 1976Wally Dallenbach
41.9%
Hoosier Hundred 1961Bobby Marshman
38.7%
Springfield 1964 Bobby Marshman
38.7%
DuQuoin 1964 Bobby Marshman
38.7%
Sacramento 1964 Bobby Marshman
38.7%
Sacramento 1962Don Branson
32.3%
Langhorne 1963 Jim McElreath
32.3%
Langhorne 1964Don Branson
32.3%
Trenton 1964 Lloyd Ruby
32.3%
Continental Divide 1968 Lloyd Ruby
32.3%
Ontario 1975 Pancho Carter
32.3%
Pocono 1979Jim McElreath
32.3%
Springfield 1965 George Snider
29%
Phoenix 1960Jim Hurtubise
22.6%
Trenton 1964 Jim Hurtubise
22.6%
Trenton 1965 Jim Hurtubise
22.6%
Ontario 1979Johnny Parsons
19.4%
Texas World 1979Tom Bigelow
19.4%
Milwaukee 1964 Len Sutton
16.1%
Pocono 1981 Geoff Brabham
16.1%
Trenton 1963 Bobby Grim
9.7%
Trenton 1963 Bud Tingelstad
6.5%
DuQuoin 1961Shorty Templeman
3.2%
Remove Ads.
Support Sporcle.
Get the best of Sporcle when you Go Orange. This ad-free experience offers more features, more stats, and more fun while also helping to support Sporcle. Thank you for becoming a member.

You're not logged in!

Compare scores with friends on all Sporcle quizzes.
OR
Log In

Show Comments

Extras

Top Quizzes Today


Score Distribution

Your Account Isn't Verified!

In order to create a playlist on Sporcle, you need to verify the email address you used during registration. Go to your Sporcle Settings to finish the process.

Report this User

Report this user for behavior that violates our Community Guidelines.

Details: